| 000 | 00352nam a2200121 a 4500 | ||
|---|---|---|---|
| 005 | 20140414131857.0 | ||
| 008 | 100827s19uu xx 00 eng d | ||
| 050 |
_aFIL _bIm1 2009 |
||
| 100 | _aCoroza, Michael | ||
| 245 |
_aImbisibol man ang tatay : _bMy father is an invisible man. |
||
| 260 |
_aManila, Philippines : _bLampara, _c2009. |
||
| 999 |
_c110490 _d110490 |
||